000 01020nam a2200217Ii 4500
003 JO-AjNU
008 230605s9999||||xx |||||||||||||| ||und||
020 _a2-7451-2332-7
040 _aJO-AjNU
_bara
_erda
_cJO-AjNU
041 _aara
050 1 4 _aPJ7700.J3.Z747.1998
100 3 _aتأليف: التميمي البصري، ابي عبيدة معمر بن المثنى؛ وضع حواشيه: خليل عمران المنصور,
_eauthor
_959042
245 0 0 _aكتاب النقائض: نقائض جرير والفرزدق، ج1
250 _aط1
264 3 1 _aبيروت: دار الكتب العلمية، 1998
300 _aج1: 387ص
336 _atext
_btxt
_2rdacontent
337 _aunmediated
_bn
_2rdamedia
338 _avolume
_bnc
_2rdacarrier
650 4 _aشعر الهجاء العربي- الشعر العربي- تاريخ ونقد- العصر الاموي،661-750- جرير بن عطية بن حذيفة الخطفي،28-110- الفرزدق، همام بن غالب بن صعصعه،ت 110
_959043
999 _aA26549
_c30117
_d30117